Diseño de un sistema de planeación y control de la producción en cárnicos La Joya S.A
Uloženo v:
| Hlavní autor: | |
|---|---|
| Další autoři: | , |
| Médium: | Kniha |
| Jazyk: | Spanish |
| Vydáno: |
[San José , Costa Rica]
2018
|
| Témata: | |
| Tagy: |
Přidat tag
Žádné tagy, Buďte první, kdo vytvoří štítek k tomuto záznamu!
|
MARC
| LEADER | 00000nam a22000007a 4500 | ||
|---|---|---|---|
| 003 | 012836 | ||
| 005 | 20240208151621.0 | ||
| 008 | 180206b2018 cr a|||| |||m 00| ||spa d | ||
| 040 | |c cru CEDI | ||
| 090 | |a TFG 7987 | ||
| 100 | |a Figueroa Volio, Cristina, 1995- |9 2364 | ||
| 245 | |a Diseño de un sistema de planeación y control de la producción en cárnicos La Joya S.A | ||
| 260 | |a [San José , Costa Rica] |c 2018 | ||
| 300 | |a xii, 167 hojas ;ilustraciones | ||
| 500 | |a Proyecto de graduación (bachiller en ingeniería industrial)--Universidad de Costa Rica. Facultad de Ingeniería. Escuela de Ingeniería Industrial | ||
| 501 | |a Director de Proyecto de Graduación: Ing. Marco González Víquez | ||
| 650 | |x SERVICIO AL CLIENTE |x CONTROL DE PROCESOS - METODOLOGIA |x PLANIFICACION DE LA PRODUCCION |x PROCESOS DE MANUFACTURA |x CONTROL DE LA PRODUCCION |9 11013 | ||
| 700 | |a Sequeira Morera, María Amalia, 1993- |9 2365 | ||
| 700 | |a González Víquez, Marcos Gerardo, 1984- |d Director del TFG |9 608 | ||
| 942 | |c TFG |h TFG 7987 |i 012836 |6 TFG_7987_012836000000000 | ||
| 999 | |c 19503 |d 19503 | ||
